000 00590nam a2200169 i 4500
001 83386
003 ES-MaACL
005 20230906174822.0
007 t|
008 041116s1981 sp ||||1| spa d
245 0 0 _aSalarios
_b: resultados correspondientes al período septiembre, octubre y noviembre 1981 /
_cInstituto Nacional de Estadística.
260 _aMadrid :
_b[s.n.],
_c1981.
300 _aX, 34 p. ;
_c30 cm.
650 4 _aSalarios-
_zEspaña-
_vEstadísticas.
_9151363
710 2 _aInstituto Nacional de Estadística (España)
_95162
852 _aES-MaACL
_j2124-F-22
_bR.103342
999 _c83386
_d83386